LEADER 01963nam a2200373 a 4500 001 000000015612 003 CaOOAMICUS 005 20141205124728.0 008 940517s1978 it afbh u000 u ita u 035 $a10364845 040 $aNIR$bita 245 00$aAmbasciatori veneti in Inghilterra /$ca cura di Luigi Firpo. 260 $aTorino :$bUTET,$cc1978. 300 $axxxi, 157 S. :$bAbb. ;$c24 cm 490 1 $aStrenna UTET ;$v1978 504 $aIncludes bibliographical references. 650 0$aAmbassadors$zItaly$zVenice$xCorrespondence.$2//eng$0(OLS)http://pul/subject/10953 651 0$aVenice (Italy)$zGreat Britain$xRelations$xSources.$2//eng$0(OLS)http://pul/subject/10954 651 0$aGreat Britain$zItaly$zVenice$xRelations$xSources.$2//eng$0(OLS)http://pul/subject/10955 651 0$aVenice (Italy)$xHistory$xSources$y1508-1797.$2//eng$0(OLS)http://pul/subject/10956 651 0$aGreat Britain$xHistory$xSources$yTudors, 1485-1603.$2//eng$0(OLS)http://pul/subject/10957 651 4$aInghilterra$zVenezia$zSec. XV-XVIII$xRelazioni estere.$0(OLS)http://pul/subject/10958 700 1 $aFirpo, Luigi,$d1915-1989.$0(OLS)http://pul/name/3484 830 0$aStrenna UTET ;$v1978.$0(OLS)http://pul/title/3071 850 $aPUL 852 $aPUL$W1$xDP1 Fondo E. Rossi$y115$m1 A 31$j41512$aCollocazione ms. sul dorso di E. Rossi: A 25$qFondi$B149657$CPULBib$Z2$F149657 $82 852 $aPUL$W1$xDP1 Fondo Ciprotti$y59$m1541 E 18$j21942$nBK-PRI$b $qFondi$B21942$CPULBib$Z2$F21942 $H $81 852 $aPUL$W1$xDP1 Fondo Capitani$y116$m1 B 30.25$j162574$qFondi$B162195$CPULBib$Z2$F162195 $HCap1822 $82 941 1 $a1 961 $aINV: F.Ciprotti 961 $aCollocazione ms. sul dorso di E. Rossi: A 25 996 $6245$aAmbasciatori veneti in Inghilterra$9(OLS)http://pul/title/22379 996 $6260$aTorino :$bUTET$9(OLS)http://pul/publisher/48088 LEADER 01402nam a2200325 a 4500 001 000000122365 003 CaOOAMICUS 005 20100628093426.0 008 100628t2002 it b u000 u ita r 020 $a978-88-15-08824-6 040 $aPUL$bita$dReb 082 04$a909 100 1 $aPirjevec, Jôze.$0(OLS)http://pul/name/76774 245 10$aSerbi, croati, sloveni :$bstoria di tre nazioni /$cJoze Pirjevec. 250 $aNuova ed. 260 $aBologna :$bIl Mulino,$c©2002. 300 $a217 p. :$bc. geogr. ;$c21 cm. 490 1 $aUniversale paperbacks Il Mulino ;$v431 504 $aBibliografia p. 207-209. 651 4$aSerbia$xStoria.$0(OLS)http://pul/subject/22652 651 4$aCroazia$xStoria.$0(OLS)http://pul/subject/26598 651 4$aEuropa orientale$xPolitica e governo.$0(OLS)http://pul/subject/18835 830 0$aUniversale paperbacks Il Mulino ;$v431.$0(OLS)http://pul/title/190 850 $aPUL 852 $aPUL$W1$xDP2 Filosofia 3$y112$m909 COLL 2.431$j140510$aRistampa del 2010$qDDC 21$B139635$CPULBib$Z2$F139635 $H114226 $82 941 1 $a9 996 $6020$a978-88-15-08824-6$9(OLS)http://pul/number/144724 996 $6082$a909$9(OLS)http://pul/classification/566 996 $6245$aSerbi, croati, sloveni :$bstoria di tre nazioni$9(OLS)http://pul/title/154084 996 $6260$aBologna :$bIl Mulino$9(OLS)http://pul/publisher/47928